000 00413cam a2200169ua 4500
001 6346
008 120105n1994 II |||gr||||Z||||||eng
040 _aMAIN
041 _aEnglish
082 _a590 MAH
100 _aMAHESWARI, P.
245 _aAN INTRODUCTION TO THE EMBRYOLOGY OF ANGIOSPERMS
260 _aLONDON
_bMCGREW HILL BOOK
_c1994
300 _a453:
_c22CM.
653 _aAnimals (Zoology)
942 _cBK
999 _c6331
_d6331